000 00660nam a2200277Ia 4500
005 20260324142925.0
008 008 260324s9999 xx 000 0 eng d
020 _a9781315845111
037 _aEBOOK
040 _aCRL
040 _beng
040 _cCRL
041 _2eng
041 _aeng
084 _qCRL
100 _aT. R. Franks; John W. Cusworth
_91213744
245 0 _aManaging Projects in Developing Countries
260 _bTaylor and Francis
260 _c1993
365 _a
365 _b255
856 _uhttp://www.taylorfrancis.com/books/9781315845111
942 _cEBOOK
999 _c1818519
_d1818519